[Event "Santa Susanna op 15th"]
[Site "Santa Susanna"]
[Date "2021.08.02"]
[Round "2"]
[White "Vidal Zamora, Cristina"]
[Black "Turon Crosa, Isaac"]
[Result "1/2-1/2"]
[WhiteElo "1658"]
[BlackElo "1849"]
[PlyCount "133"]
[EventDate "2021.08.02"]
[EventType "swiss"]
[EventRounds "9"]
[EventCountry "ESP"]
[SourceTitle "EXT 2022"]
[Source "ChessBase"]
[SourceDate "2021.10.06"]
[SourceVersion "1"]
[SourceVersionDate "2021.10.06"]
[SourceQuality "1"]

1. e4 e5 2. Nf3 Nc6 3. Bc4 Be7 4. 0-0 Nf6 5. d3 0-0 6. Be3 d5 7. exd5 Nxd5 8. Nbd2 Bg4 9. h3 Bh5 10. Ne4 Kh8 11. Ng3 Bg6 12. Bxd5 Qxd5 13. Nd2 f5 14. f4 Rae8 15. Qf3 Qxf3 16. Nxf3 e4 17. dxe4 fxe4 18. Ne5 Nxe5 19. fxe5 Kg8 20. Rxf8+ Bxf8 21. Rd1 Rxe5 22. Rd7 Re7 23. Rd8 b6 24. Kf2 h6 25. Ke2 Kf7 26. h4 c5 27. c4 Rb7 28. h5 Bh7 29. a4 Be7 30. Rd1 Bf6 31. b3 Ke6 32. Bf4 Bd4 33. Be3 Be5 34. Nh1 Kf5 35. Nf2 Bg3 36. Rd5+ Ke6 37. Rd8 Bf5 38. Rd5 Rf7 39. Rd8 Bxf2 40. Bxf2 Bg4+ 41. Ke3 Bxh5 42. Re8+ Re7 43. Rxe7+ Kxe7 44. Bg3 Bd1 45. Bb8 Kd7 46. a5 bxa5 47. Bxa7 Kc6 48. Kxe4 Bxb3 49. Kd3 Bd1 50. Bb8 g5 51. Be5 h5 52. Bf6 g4 53. g3 a4 54. Kd2 Bf3 55. Kc2 Kd6 56. Kb2 Ke6 57. Bd8 Ke5 58. Kc3 a3 59. Kb3 a2 60. Kxa2 Kd4 61. Kb2 Be2 62. Kc1 Bxc4 63. Kd2 Bf1 64. Be7 c4 65. Kc1 Ke3 66. Bf6 Kf3 67. Bh4 1/2-1/2

[Event "Palafrugell Gelpi Memorial 28th"]
[Site "Palafrugell"]
[Date "2015.??.??"]
[Round "8"]
[White "Torrecillas Castello, Marc"]
[Black "Vidal Zamora, Cristina"]
[Result "0-1"]
[WhiteElo "1600"]
[BlackElo "1859"]
[PlyCount "28"]
[EventDate "2015.09.26"]
[EventType "swiss"]
[EventRounds "9"]
[EventCountry "ESP"]
[SourceTitle "EXT 2017"]
[Source "ChessBase"]
[SourceDate "2016.10.25"]
[SourceVersion "1"]
[SourceVersionDate "2016.10.25"]
[SourceQuality "1"]

1. e4 e5 2. Nf3 Nc6 3. Bc4 Bc5 4. 0-0 Nf6 5. Nc3 d6 6. d3 Bg4 7. a3 Nd4 8. Na4 Nxf3+ 9. gxf3 Bh3 10. Re1 Nh5 11. Nxc5 dxc5 12. f4 Qh4 13. b4 exf4 14. e5 Qg5+ 0-1

[Event "Llinars del Valles op-B 6th"]
[Site "Llinars del Valles"]
[Date "2012.05.19"]
[Round "6"]
[White "Vidal Zamora, Cristina"]
[Black "Ortega Blasi, Andreu"]
[Result "1-0"]
[WhiteElo "1656"]
[BlackElo "1312"]
[PlyCount "77"]
[EventDate "2012.04.14"]
[EventType "swiss"]
[EventRounds "9"]
[EventCountry "ESP"]
[SourceTitle "EXT 2013"]
[Source "ChessBase"]
[SourceDate "2012.11.22"]
[SourceVersion "1"]
[SourceVersionDate "2012.11.22"]
[SourceQuality "1"]

1. e4 c5 2. Nf3 Nc6 3. d4 cxd4 4. Nxd4 Nf6 5. Nc3 g6 6. Be2 Bg7 7. Be3 0-0 8. 0-0 d6 9. Kh1 Bd7 10. f4 e5 11. Ndb5 exf4 12. Bxf4 d5 13. Bd6 Ne7 14. Nc7 Rc8 15. e5 Ne8 16. Nxe8 Rxe8 17. Nxd5 Nf5 18. Bg4 Bxe5 19. Bxe5 Rxe5 20. Re1 f6 21. Nxf6+ Qxf6 22. Qxd7 Rxc2 23. Bxf5 Qxf5 24. Qd8+ Kg7 25. Rf1 Rd5 26. Qe7+ Kh6 27. Rxf5 Rxf5 28. Rd1 Rxb2 29. Qh4+ Rh5 30. Qf4+ Rg5 31. Qf8+ Kh5 32. Qg7 Rgxg2 33. Rd5+ Kg4 34. Qd4+ Kf3 35. Qc3+ Kg4 36. Qc4+ Kf3 37. Rd3+ Kf2 38. Qd4+ Ke1 39. Rd1+ 1-0

[Event "Figueres op 12th"]
[Site "Figueres"]
[Date "2011.08.13"]
[Round "3"]
[White "Parramon Ros, Francesco"]
[Black "Vidal Zamora, Cristina"]
[Result "1-0"]
[WhiteElo "2042"]
[BlackElo "1693"]
[PlyCount "79"]
[EventDate "2011.08.11"]
[EventType "swiss"]
[EventRounds "9"]
[EventCountry "ESP"]
[SourceTitle "CBM 143 Extra"]
[Source "ChessBase"]
[SourceDate "2011.08.29"]
[SourceVersion "1"]
[SourceVersionDate "2011.08.29"]
[SourceQuality "1"]

1. d4 d5 2. Bf4 Nf6 3. e3 c5 4. Nf3 Nc6 5. Nc3 a6 6. dxc5 e6 7. Na4 Qa5+ 8. c3 Bd7 9. Nb6 Rd8 10. Bc7 Qxc5 11. Bxd8 Nxd8 12. Nxd7 Nxd7 13. Be2 Bd6 14. Qd4 Qxd4 15. cxd4 Nc6 16. 0-0 Ke7 17. Rfc1 e5 18. dxe5 Ndxe5 19. Nxe5 Bxe5 20. Rab1 d4 21. Bxa6 Nb4 22. Bxb7 Nxa2 23. Rc8 Rxc8 24. Bxc8 d3 25. f4 Bf6 26. Kf2 d2 27. Ke2 Bc3 28. bxc3 Nxc3+ 29. Kxd2 Nxb1+ 30. Kd3 Na3 31. Ba6 Kd6 32. Kc3 Kc5 33. Bd3 h6 34. e4 Nb5+ 35. Bxb5 Kxb5 36. Kd4 Kc6 37. e5 f5 38. h4 h5 39. g3 g6 40. Kc4 1-0

[Event "Catalunya-ch U16"]
[Site "Vila Seca"]
[Date "2011.04.18"]
[Round "4.1"]
[White "Perez Cabas, Jose"]
[Black "Vidal Zamora, Cristina"]
[Result "1/2-1/2"]
[WhiteElo "1915"]
[BlackElo "1691"]
[PlyCount "119"]
[EventDate "2011.04.16"]
[EventType "swiss"]
[EventRounds "8"]
[EventCountry "ESP"]
[SourceTitle "EXT 2015"]
[Source "ChessBase"]
[SourceDate "2014.11.20"]
[SourceVersion "1"]
[SourceVersionDate "2014.11.20"]
[SourceQuality "1"]

1. e4 c5 2. Nf3 a6 3. d4 cxd4 4. Nxd4 e5 5. Nf3 Nf6 6. Bd3 d5 7. Qe2 Bd6 8. 0-0 0-0 9. Bg5 Nbd7 10. exd5 Qb6 11. Nc3 Qxb2 12. Bd2 Qb6 13. Ng5 Nc5 14. Be3 Qc7 15. f3 h6 16. Nge4 Ncxe4 17. Nxe4 Nxd5 18. Nxd6 Nxe3 19. Qxe3 Qxd6 20. Rad1 Qc7 21. f4 Bg4 22. Rde1 exf4 23. Rxf4 Bd7 24. Ref1 Bb5 25. c4 Bc6 26. Qh3 Bd7 27. Qf3 Be6 28. Qe4 Qb6+ 29. Kh1 f5 30. Qe2 Rae8 31. Qh5 Qc5 32. h3 Rd8 33. Bxf5 Bxf5 34. Rxf5 Rxf5 35. Qxf5 Qxc4 36. a3 Qd3 37. Qf7+ Kh7 38. Kg1 Rd7 39. Qe6 Rd6 40. Qe7 Qd4+ 41. Kh1 Qd5 42. Qe2 Rg6 43. Rd1 Qf5 44. Rd8 Re6 45. Qd2 Re4 46. Rb8 Qe5 47. Qc2 Qf5 48. Qd2 Re7 49. Rd8 Qe5 50. Qd3+ Qe4 51. Qb3 Qe6 52. Qd3+ Qe4 53. Qb3 Re8 54. Rd1 Rf8 55. Qb2 Rc8 56. Rd7 Qe1+ 57. Kh2 Qc3 58. Rxb7 Qxb2 59. Rxb2 Rc3 60. a4 1/2-1/2

[Event "Catalunya-ch U16"]
[Site "Vila Seca"]
[Date "2011.04.18"]
[Round "5.1"]
[White "Vidal Zamora, Cristina"]
[Black "Gonzalez Hernandez, Ferran"]
[Result "0-1"]
[WhiteElo "1691"]
[BlackElo "1939"]
[PlyCount "66"]
[EventDate "2011.04.16"]
[EventType "swiss"]
[EventRounds "8"]
[EventCountry "ESP"]
[SourceTitle "EXT 2015"]
[Source "ChessBase"]
[SourceDate "2014.11.20"]
[SourceVersion "1"]
[SourceVersionDate "2014.11.20"]
[SourceQuality "1"]

1. e4 c5 2. Nf3 Nc6 3. d4 cxd4 4. Nxd4 d5 5. exd5 Qxd5 6. Nxc6 bxc6 7. Nc3 Qxd1+ 8. Nxd1 e5 9. Bd3 Be6 10. Be3 Bb4+ 11. c3 Bd6 12. 0-0 Ne7 13. f4 exf4 14. Bxf4 Bxf4 15. Rxf4 Nd5 16. Re4 0-0 17. Ne3 Rfb8 18. Nxd5 Bxd5 19. Rh4 g6 20. b4 Rd8 21. Be4 Bxe4 22. Rxe4 Rd2 23. Re7 a5 24. a4 axb4 25. cxb4 Rb2 26. Kf1 Rd8 27. Re2 Rxb4 28. a5 Ra8 29. Rc2 Ra6 30. Raa2 Rb5 31. Kf2 c5 32. Ke3 f5 33. Ra4 Raxa5 0-1

[Event "Figueres op 11th"]
[Site "Figueres"]
[Date "2010.08.16"]
[Round "7"]
[White "Cruanas Verdu, Joaquin"]
[Black "Vidal Zamora, Cristina"]
[Result "0-1"]
[WhiteElo "1554"]
[BlackElo "1677"]
[PlyCount "122"]
[EventDate "2010.08.11"]
[EventType "swiss"]
[EventRounds "9"]
[EventCountry "ESP"]
[SourceTitle "CBM 137 Extra"]
[Source "ChessBase"]
[SourceDate "2010.09.01"]
[SourceVersion "1"]
[SourceVersionDate "2010.09.01"]
[SourceQuality "1"]

1. e4 e5 2. Nf3 Nc6 3. Nc3 d6 4. Bc4 Bg4 5. d3 Be7 6. Nd5 Nf6 7. Ne3 Bxf3 8. Qxf3 Nd4 9. Qg3 Nh5 10. Qg4 g6 11. c3 Nf6 12. Qh3 b5 13. Bxf7+ Kxf7 14. cxd4 exd4 15. Ng4 Nxg4 16. Qxg4 Kg7 17. 0-0 h5 18. Qe2 Qd7 19. f4 Raf8 20. f5 d5 21. exd5 Rxf5 22. Rxf5 gxf5 23. Qf3 Bd6 24. Bf4 Bxf4 25. Qxf4 Qxd5 26. Qxc7+ Qf7 27. Qe5+ Qf6 28. Qxb5 Qe6 29. Qb7+ Kg6 30. Qxa7 Qe3+ 31. Kh1 Re8 32. h3 Qxd3 33. Qb6+ Kg5 34. a4 Qe4 35. a5 d3 36. Qf2 h4 37. a6 Qd5 38. Qd2+ Kg6 39. a7 Re2 40. Ra6+ Kf7 41. a8Q Qxa8 42. Rxa8 Rxd2 43. Rd8 Ke7 44. Rd4 Ke6 45. b4 Ke5 46. Rd8 Ke4 47. Kg1 Rb2 48. Re8+ Kd4 49. Kf1 Rxb4 50. Ke1 Rb1+ 51. Kd2 Rb2+ 52. Kd1 Rxg2 53. Rh8 Ke3 54. Re8+ Kf3 55. Rf8 f4 56. Rd8 d2 57. Rd3+ Ke4 58. Rd6 f3 59. Rb6 Kd3 60. Rf6 Ke4 61. Ra6 Kf4 0-1

[Event "Figueres op 11th"]
[Site "Figueres"]
[Date "2010.08.14"]
[Round "5"]
[White "Pinsach Gelabert, Alexandre"]
[Black "Vidal Zamora, Cristina"]
[Result "1-0"]
[WhiteElo "1735"]
[BlackElo "1677"]
[PlyCount "71"]
[EventDate "2010.08.11"]
[EventType "swiss"]
[EventRounds "9"]
[EventCountry "ESP"]
[SourceTitle "CBM 137 Extra"]
[Source "ChessBase"]
[SourceDate "2010.09.01"]
[SourceVersion "1"]
[SourceVersionDate "2010.09.01"]
[SourceQuality "1"]

1. d4 d5 2. c4 e6 3. Nc3 Nf6 4. Nf3 Be7 5. Bf4 Nbd7 6. e3 b6 7. Nb5 0-0 8. Bxc7 Bb4+ 9. Nd2 Qe7 10. a3 Bxd2+ 11. Qxd2 Ne4 12. Qc2 a6 13. cxd5 exd5 14. Nc3 Ndf6 15. Nxe4 Nxe4 16. Bxb6 Bf5 17. Bc5 Nxc5 18. Qxf5 Nb3 19. Rd1 Rfd8 20. Bd3 g6 21. Qe5 Qb7 22. 0-0 Na5 23. b4 Nc6 24. Qf4 Na7 25. Rc1 Nb5 26. Bxb5 Qxb5 27. Rc7 Rd7 28. Rfc1 Rad8 29. Rxd7 Rxd7 30. Rc8+ Kg7 31. Qe5+ f6 32. Qe8 Kh6 33. Qf8+ Kg5 34. h4+ Kxh4 35. Qh6+ Kg4 36. Qh3+ 1-0

[Event "Figueres op 11th"]
[Site "Figueres"]
[Date "2010.08.14"]
[Round "4"]
[White "Vidal Zamora, Cristina"]
[Black "Sanchez Urpi, Oriol"]
[Result "0-1"]
[WhiteElo "1677"]
[BlackElo "1911"]
[PlyCount "37"]
[EventDate "2010.08.11"]
[EventType "swiss"]
[EventRounds "9"]
[EventCountry "ESP"]
[SourceTitle "CBM 137 Extra"]
[Source "ChessBase"]
[SourceDate "2010.09.01"]
[SourceVersion "1"]
[SourceVersionDate "2010.09.01"]
[SourceQuality "1"]

1. e4 c5 2. Nf3 d6 3. d4 cxd4 4. Nxd4 Nf6 5. Nc3 g6 6. Be3 Bg7 7. Be2 0-0 8. 0-0 Nc6 9. Kh1 Bd7 10. f4 a6 11. Bf3 Rc8 12. a3 Na5 13. Be2 Nc4 14. Bxc4 Rxc4 15. Qd3 Rc8 16. h3 b5 17. Nce2 Qc7 18. c3 Qb7 19. Ng3 0-1

[Event "Catalunya-ch (Women)"]
[Site "Girona"]
[Date "2009.12.28"]
[Round "3"]
[White "Vidal Zamora, Cristina"]
[Black "Muratet Carmona, Julia"]
[Result "1-0"]
[WhiteElo "1599"]
[BlackElo "1663"]
[PlyCount "133"]
[EventDate "2009.12.27"]
[EventType "swiss"]
[EventRounds "6"]
[EventCountry "ESP"]
[SourceTitle "EXT 2019"]
[Source "ChessBase"]
[SourceDate "2018.10.10"]
[SourceVersion "1"]
[SourceVersionDate "2018.10.10"]
[SourceQuality "1"]

1. e4 e5 2. Nf3 Nc6 3. Bc4 Bc5 4. d3 Nf6 5. Bg5 h6 6. Bh4 Be7 7. Nc3 d6 8. h3 0-0 9. 0-0 Be6 10. Bb3 Nh7 11. Bxe7 Qxe7 12. d4 Bxb3 13. axb3 exd4 14. Nxd4 Ne5 15. Nd5 Qd7 16. f4 c6 17. Ne3 Ng6 18. Ndf5 Rfd8 19. Qd4 f6 20. Rxa7 Rxa7 21. Qxa7 d5 22. exd5 cxd5 23. Qd4 Nhf8 24. Qd3 Kh8 25. Nd4 Re8 26. Ndf5 Rd8 27. c4 d4 28. Nd5 Ne6 29. g3 Nc5 30. Qxd4 Nxb3 31. Qd3 Nc5 32. Qc2 b5 33. Nxh6 Nf8 34. Nf5 bxc4 35. Nde3 g6 36. Qxc4 gxf5 37. Qxc5 Qb7 38. Qxf5 Qxb2 39. Ng4 Qb6+ 40. Rf2 Rd1+ 41. Kg2 Qb7+ 42. Rf3 Rg1+ 43. Kxg1 Qxf3 44. Qxf6+ Kg8 45. Qg5+ Kh8 46. Qh5+ Kg7 47. Qh6+ Kg8 48. Qg5+ Kh8 49. Qh5+ Kg7 50. Qf7+ Kxf7 51. Ne5+ Kf6 52. Nxf3 Ng6 53. Kg2 Ne7 54. g4 Nd5 55. Kg3 Kg6 56. h4 Nf6 57. f5+ Kg7 58. g5 Ne4+ 59. Kf4 Nd6 60. h5 Ne8 61. f6+ Nxf6 62. gxf6+ Kxf6 63. Kg4 Kg7 64. Kg5 Kh7 65. h6 Kh8 66. Kg6 Kg8 67. Ng5 1-0

[Event "Catalunya-ch (Women)"]
[Site "Girona"]
[Date "2009.12.27"]
[Round "1"]
[White "Vidal Zamora, Cristina"]
[Black "Ruiz Font, Elisabet"]
[Result "1/2-1/2"]
[WhiteElo "1599"]
[BlackElo "1882"]
[PlyCount "73"]
[EventDate "2009.12.27"]
[EventType "swiss"]
[EventRounds "6"]
[EventCountry "ESP"]
[SourceTitle "EXT 2019"]
[Source "ChessBase"]
[SourceDate "2018.10.10"]
[SourceVersion "1"]
[SourceVersionDate "2018.10.10"]
[SourceQuality "1"]

1. e4 c5 2. Nf3 g6 3. d4 cxd4 4. Nxd4 Bg7 5. Be3 Nc6 6. Nc3 Nf6 7. Be2 0-0 8. 0-0 d5 9. exd5 Nxd5 10. Nxd5 Qxd5 11. Nxc6 Qxc6 12. c3 e5 13. Qd3 Be6 14. Rfd1 e4 15. Qd2 Qc7 16. Bf4 Be5 17. Bxe5 Qxe5 18. Qd4 Qxd4 19. Rxd4 Rfd8 20. Rad1 Rxd4 21. Rxd4 Bxa2 22. Rxe4 Kf8 23. f3 Re8 24. Rxe8+ Kxe8 25. Kf2 Ke7 26. Ke3 Be6 27. h4 h6 28. Bd3 b6 29. g4 g5 30. hxg5 hxg5 31. f4 f6 32. fxg5 fxg5 33. Kf3 Bb3 34. Bf5 Kd6 35. Bd3 Be6 36. Be2 Bd7 37. Bd3 1/2-1/2

[Event "Girona-ch U18"]
[Site "Girona"]
[Date "2009.01.17"]
[Round "3"]
[White "Vinardell Cruanas, Sergi"]
[Black "Vidal Zamora, Cristina"]
[Result "1/2-1/2"]
[WhiteElo "1674"]
[BlackElo "1451"]
[PlyCount "66"]
[EventDate "2009.01.10"]
[EventType "swiss"]
[EventRounds "6"]
[EventCountry "ESP"]
[SourceTitle "EXT 2011"]
[Source "ChessBase"]
[SourceDate "2010.11.26"]
[SourceVersion "1"]
[SourceVersionDate "2010.11.26"]
[SourceQuality "1"]

1. e4 e5 2. Nf3 Nc6 3. Bb5 d6 4. d4 exd4 5. Nxd4 Bd7 6. Nc3 Nf6 7. 0-0 Be7 8. Re1 0-0 9. Nxc6 Bxc6 10. Bxc6 bxc6 11. Bg5 Re8 12. f4 h6 13. Bxf6 Bxf6 14. Qf3 Qd7 15. Rad1 Rab8 16. e5 Be7 17. b3 Qf5 18. Qe4 Qxe4 19. Rxe4 d5 20. Ra4 Bc5+ 21. Kf1 f6 22. exf6 gxf6 23. Ne2 Kf7 24. Nd4 Re4 25. Nxc6 Rxa4 26. Nxb8 Rxa2 27. Rxd5 Rxc2 28. Rd7+ Kg6 29. Rxc7 Rf2+ 30. Ke1 Bb6 31. Rc8 Rxf4 32. Nd7 Rb4 33. Nxb6 Rxb6 1/2-1/2

[Event "Girona-ch U18"]
[Site "Girona"]
[Date "2009.01.10"]
[Round "2"]
[White "Vidal Zamora, Cristina"]
[Black "Sabria Batlle, Pol"]
[Result "0-1"]
[WhiteElo "1451"]
[BlackElo "2161"]
[PlyCount "58"]
[EventDate "2009.01.10"]
[EventType "swiss"]
[EventRounds "6"]
[EventCountry "ESP"]
[SourceTitle "EXT 2011"]
[Source "ChessBase"]
[SourceDate "2010.11.26"]
[SourceVersion "1"]
[SourceVersionDate "2010.11.26"]
[SourceQuality "1"]

1. e4 c5 2. Nf3 d6 3. d4 cxd4 4. Nxd4 Nf6 5. Nc3 a6 6. Be2 e6 7. Be3 Be7 8. 0-0 0-0 9. Nb3 Qc7 10. Bf3 Nbd7 11. Qe2 Ne5 12. Bd4 b5 13. Bxe5 dxe5 14. a3 Bd7 15. Rfd1 Rab8 16. Qe3 a5 17. Ne2 Rfc8 18. c3 b4 19. axb4 axb4 20. Ra7 Rb7 21. Rxb7 Qxb7 22. cxb4 Qxb4 23. Rc1 Rc2 24. Rb1 Rxb2 25. Nd2 Rxb1+ 26. Nf1 Bb5 27. Neg3 Bc5 28. Qg5 Bxf2+ 29. Kxf2 Qe1+ 0-1